Statistics for How well do you know Justice Crew?

Click here to take the quiz!

General Stats

  • This quiz has been taken 600 times
  • The average score is 10 of 22

Answer Stats

Hint Answer % Correct
What type of dance crew is JC?Hip Hop
89%
Who has a child?Lenny Pearce
74%
What year did they win that programme?2010
67%
THE BEST DANCE CREW IS....wink*Justice Crew
64%
What TV programme did they win?Australia's Got Talent
63%
]What City in Australia do they all live?Sydney
61%
What song hit number 1 in 2012 on itunes?Boom Boom
58%
What song did Flo Rida rap in?Dance with me
54%
Name of the tw twins in the crew?John and Lenny Pearce
54%
In 2012 what british band did JC perform with?One Direction
49%
What was the first single?Friday to Sunday
42%
The name given for there fans?JCeazers
41%
Who is the oldest member?Samson Smith
35%
What is Samson's nickname?Sammy O'G
33%
What is Sarah (John's ex) career?Model
30%
What is the name of Lenny and John's song?I'm Gone
28%
What is the name of the younger crew for JC?Little Justice
26%
Their inspiration?Michael Jackson
25%
What is their catch phrase?Dream Big
25%
What is Solo's girlfriends name?Leilani
23%
The name of the girls crew?Justify
19%
The tattoed letter's on Lenny's arm are?First letter of siblings name
16%

Score Distribution

Percentile by Number Answered

Percent of People with Each Score

Your Score History

You have not taken this quiz